02937nam a2200541Ia 45000010005000000080041000050100009000460410014000550820027000692450178000962600013002743000007002875200007002946300027003016300028003286500021003566900014003777000032003917000038004237000035004617000026004969010082005229020006006049030065006109040018006759050021006939060006007149070014007209080014007349090068007489100015008169110010008319120014008419130009008559140028008649150019008929160009009119170009009209180014009299190018009435201375009619210007023369220007023439230006023509240014023569420010023709990015023803936241029s9999 xx 000 0 und d a3693 aEspañol aBUNEVS M T F L 49 2009 0aRelación entre la violencia intrafamiliar y el bajo rendimiento académico entre los adolescentes internos del Colegio Adventista Dominicano en el año escolar 2009-2010 aSantiago a80 a27 aRedimiento académico aViolencia Intrafamiliar aTerapia Familiar aElaborado easesoraÁlvarez, Martha eautoraGonzález, Nellys Peña  eautoraContreras, Alfa Lizardo easesoraReyes, Rafael a{"1":"González","2":"Contreras"}b{"1":"Nellys Peña ","2":"Alfa Lizardo"} a2 a{"1":"Reyes","2":"Álvarez"}b{"1":"Rafael","2":"Martha"} aMaestría en aTerapia Familiar a2 aNO APLICA aNO APLICA aUniversidad Nacional Evangélica (UNEV), Recinto Santo Domingo aNULLbNULL a["1"] aNO APLICA aNULL a02 de Noviembre de 2009 a01/10/14 11:10 aNULL aNULL aNO APLICA a["242","198"] aEl estudio se planteó como objetivos principales analizar el trasfondo histórico y legislativo de las principales entidades mundiales con respecto a la violencia familiar y definir violencia familiar desde el punto de vista de su alcance. La investigación es descriptiva y se fundamentó en los métodos de la entrevista y la encuesta. Como instrumento se utilizó un cuestionario, que le fue aplicado a una muestra de 20 estudiantes.Entre las principales conclusiones de la investigación se destaca que a partir de 1975 con el abrumador aumento de los índices de la violencia intrafamiliar en todos los países del mundo, se tomaron medidas importantes con la formación de múltiples comisiones que se encargaron de crear investigaciones y legislaciones para proponerlas a los gobiernos y tratar de reducir los altos índices de violencia intrafamiliar, además se destaca que la violencia intrafamiliar es toda acción y omisión cometida por algún/a miembro de la familia abusando de su poder o influencia y que perjudica a los demás de manera psicológica y física.La investigación sugiere que se creen programas de investigación en las comunidades, no sólo a nivel gubernamental y legislativo, sino en los barrios, juntas de vecinos a fin de enseñar todos los derechos y los métodos de disciplina que son de ayuda para éstos. a11 a11 a0 aNO APLICA cTesis c3693d3693